Production and operations management : (Record no. 104160)

MARC details
000 -LEADER
fixed length control field 00804nam a22002057a 4500
005 - DATE AND TIME OF LATEST TRANSACTION
control field 20170707142924.0
010 ## - LCCN (DPL NO)
LC control number B-634831
020 ## - INTERNATIONAL STANDARD BOOK NUMBER
International Standard Book Number 9788174465061
Terms of availability 640.00
035 ## - SYSTEM CONTROL NUMBER
System control number B-634831
037 ## - SOURCE OF ACQUISITION
Source of stock number/acquisition DPL/RP/KK Publications
082 ## - DEWEY DECIMAL CLASSIFICATION NUMBER
Classification number 658.5
100 ## - MAIN ENTRY--PERSONAL NAME
Personal name Kachru, Upendra
245 ## - TITLE STATEMENT
Title Production and operations management :
Remainder of title text and cases /
Statement of responsibility, etc by Upendra Kachru
260 ## - PUBLICATION, DISTRIBUTION, ETC. (IMPRINT)
Place of publication, distribution, etc New Delhi
Name of publisher, distributor, etc Excel Books
Date of publication, distribution, etc 2013(repr.)
270 ## - ADDRESS
Address A-45 naraina Phase-I
City New Delhi
Postal code 110028
300 ## - PHYSICAL DESCRIPTION
Extent xxix,811p.
Dimensions 27cm(pbk)
500 ## - GENERAL NOTE
General note Includes bibliographical references and index
942 ## - ADDED ENTRY ELEMENTS (KOHA)
Source of classification or shelving scheme Dewey Decimal Classification
Item type English Books
Classification part 658.5
Call number suffix KAC
Holdings
Withdrawn status Lost status Not for loan Collection code Home library Current library Date acquired Source of acquisition Cost, normal purchase price Full call number Barcode Copy number Cost, replacement price Koha item type
      Non-fiction Central Library Central Library 22/10/2016 KK Publications/BL142/18.10.2016/RP2/29.9.2016/21.102016 640.00 658.5 KAC B-634831 1 640.00 English Books

© Delhi Public Library
Hit Counter
free hit counter